000 00797cam a22002653a 4500
001 8215
003 PGUSA
005 20140828083153.0
008 050601s2005||||xxu|||||s|||||000 | eng d
040 _aPGUSA
_beng
042 _adc
050 4 _aBF
100 1 _aVaknin, Samuel,
_d1961-
245 1 4 _aThe Developmental Psychology of Psychopathology
_h[electronic resource] /
_cSamuel Vaknin
260 _bProject Gutenberg,
_c2005
506 _aCopyrighted. Read the copyright notice inside this book for details.
516 _aElectronic text
653 _aPsychology, Pathological
653 _aDevelopmental psychology
653 _aNarcissism
700 1 _aRangelovska, Lidija
830 0 _aProject Gutenberg
_v8215
856 4 0 _uhttp://www.gutenberg.org/ebooks/8215
942 _cEB
999 _c237515
_d237515